Villes hôtes du Concours Eurovision de la chanson - Statistiques

Statistiques générales
  • Ce quiz a été pris 308 fois
  • Le résultat moyen est 32 sur 40
Statistiques - réponses
Réponse % Correct
Paris
99%
Dublin
97%
Kiev
97%
Londres
97%
Rome
97%
Vienne
97%
Lisbonne
96%
Luxembourg
95%
Oslo
95%
Amsterdam
94%
Athènes
94%
Copenhague
94%
Moscou
94%
Stockholm
94%
Helsinki
93%
Rotterdam
93%
Bruxelles
92%
Tel-Aviv
92%
Madrid
91%
Jérusalem
90%
Istanbul
88%
Tallinn
88%
Riga
86%
Bakou
83%
Belgrade
83%
Malmö
83%
Munich
80%
Naples
77%
Zagreb
71%
La Haye
67%
Lausanne
67%
Cannes
60%
Düsseldorf
60%
Francfort-sur-le-Main
60%
Edimbourg
58%
Göteborg
53%
Birmingham
52%
Bergen
47%
Lugano
41%
Brighton
29%
Aucun quiz correspondant
Distribution des résultats
% des personnes avec chaque résultat
Percentile par nombre de réponses
Votre historique - résultats
Vous n’avez pas pris ce quiz